| 000 | 00418nam a2200181Ia 4500 | ||
|---|---|---|---|
| 005 | 20250423100748.0 | ||
| 008 | 250422s9999 xx 000 0 und d | ||
| 020 | _a0-440-47350-0 | ||
| 050 | _aPZ7.C5792/ | ||
| 100 | _aBeverly Cleary | ||
| 245 | 0 | _aRamona Quimby, Age 8 | |
| 260 | _aNew York | ||
| 260 | _bDell Publishing Co., Inc. | ||
| 260 | _c1981 | ||
| 300 | _a190 p | ||
| 650 | _aLiterature | ||
| 942 | _cBK | ||
| 999 |
_c34264 _d34264 |
||